00786nam a2200205 i 450000100060000000300090000600500170001500700030003200800410003510000170007624501220009326000340021530000220024949000380027150501350030970000320044470000350047683000380051185200310054961284ES-MaACL20230906164423.0t|031111s1977 sp ||||1| spa d1 aEurípides.10aTragedias / cEurípides ; introducción, traducción y notas de Alberto Medina González y Juan López Férez. a[Madrid] : bGredos, c[1977] a494 p. ; c20 cm.1 aBiblioteca clásica Gredos ; v48 aContiene: Introducción general a Eurípides. El cíclope. Alcestis. Medea. Los Heráclidas. Hipólito. Andrómaca. Hécuba1 aMedina González, Alberto.1 aLópez Férez, Juan Antonio.0 aBiblioteca clásica Gredos ; v4 aES-MaACLjA-7191 bR.96199